000 01438cam a2200169 4500500
005 20260111091412.0
041 _afre
042 _adc
100 1 0 _aDole, Abbé Georges
_eauthor
245 0 0 _aTruth, Religious Dialogue and Dynamic Orthodoxy. Essays in honour of Brian Hebblethwaite, éd. J.J. Lipner, London, SCM Press, 2005, 24x16, xix-226 p., 29.99 €. ISBN 0-334-04009-4
260 _c2007.
500 _a91
520 _aLa publication d’un roman historique d’A.-S. Jacouty, consacré à la disgrâce de Fénelon, offre l’occasion d’un bref rappel de la querelle qui opposa Bossuet à l’Archevêque de Cambrai, sur les thèmes du « pur amour » et du quiétisme. Ces pages permettent de restaurer la grande figure de Fénelon et de faire ainsi ressortir les valeurs universalistes de sa doctrine qui en font l’actualité.
520 _aFenelon’s royal disfavour and self-imposed exile, as the result of his dispute with Bossuet in the matter of « pure love » and quietism, is the theme of a recently published historical novel... which starts the author thinking : in a plea in Fenelon’s favour, he brings out the meaning of the universal, and yet very actual, values of his doctrine.
786 0 _nNouvelle revue théologique | 129 | 1 | 2007-01-01 | p. 119p-129p | 0029-4845
856 4 1 _uhttps://shs.cairn.info/revue-nouvelle-revue-theologique-2007-1-page-119p?lang=fr&redirect-ssocas=7080
999 _c1621116
_d1621116